2. Weltkrieg was ist das? - Statistiken

Allgemein
  • Dieses Quiz wurde 787 mal gespielt
  • Das Durchschnittsergebnis liegt bei 5 aus 8
Antwortstatistiken
Hint Antwort % Korrekt
Nachwuchsorganisation NS Hitlerjugend
89%
Arbeits- und Vernichtungslager Deutschlands Konzentrationslager
88%
Unterirdische Aufenthaltsstelle Hitlers Führerbunker
72%
Geheime Staatspolizei NS Gestapo
71%
Name des Bündnisses der Sigermächte Aliierten
68%
Name des Bündnisses von Verbündeten des deutschen Reichs Achsenmächte
66%
Symbolisches Tier / Gebilde Nazideutschlands Reichsadler
58%
Letzte militärische Formierung 1944 für alle Kampffähigen Männer NS Volkssturm
37%
Keine übereinstimmenden Quizze gefunden
Verteilung der Resultate
Anzahl Personen mit jedem Resultat
Perzentil nach korrekt beantworteten Fragen
Ihre Resultats-Entwicklung
Sie haben dieses Quiz noch nicht gespielt